Catálogo Biblioteca Central

Genocide of misdaden tegen de menselijkheid (Registro nro. 34766)

Detalles MARC
000 -CABECERA
campo de control de longitud fija 00587naa a2200205 i 4500
001 - NÚMERO DE CONTROL
campo de control 34766
003 - IDENTIFICADOR DEL NÚMERO DE CONTROL
campo de control ES-MaBCM
005 - FECHA Y HORA DE LA ÚLTIMA TRANSACCIÓN
campo de control 20241016103747.0
008 - CÓDIGOS DE INFORMACIÓN DE LONGITUD FIJA
campo de control de longitud fija 950524s1994 bel 000 0 dut d
021 ## -
-- xx
035 ## - NÚMERO DE CONTROL DEL SISTEMA
Número de control de sistema (OCoLC)1365189968
040 ## - FUENTE DE LA CATALOGACIÓN
Centro transcriptor ES-MaBCM
041 0# - CÓDIGO DE LENGUA
Código de lengua del texto/banda sonora o título independiente dut
043 ## - CÓDIGO DE ÁREA GEOGRÁFICA
Código de área geográfica bel
100 1# - PUNTO DE ACCESO PRINCIPAL - NOMBRE DE PERSONA
Nombre de persona Hamerlynck, R.
9 (RLIN) 21189
245 10 - MENCIÓN DE TÍTULO
Título Genocide of misdaden tegen de menselijkheid
Mención de responsabilidad etc. R. Hamerlynck
650 27 - PUNTO DE ACCESO ADICIONAL DE MATERIA--TÉRMINO DE MATERIA
Término de materia o nombre geográfico como elemento inicial Crimen contra la humanidad
9 (RLIN) 58187
773 0# - ENLACE AL DOCUMENTO FUENTE
Encabezamiento principal En:
Título Studia diplomatica
Lugar editor y fecha de publicación Bruxelles : 1994
Número de control del registro relacionado 104622
Parte(s) relacionada(s) v. XLVII, nº 6, p. 59-73. - Loc. S.367
942 ## - ELEMENTOS DE PUNTO DE ACCESO ADICIONAL (KOHA)
Tipo de ítem Koha Artículos de revistas
Existencias
Estado de retiro Estado de pérdida Estado dañado No para préstamo Localización permanente Ubicación/localización actual Fecha de adquisición Total de préstamos Precio válido a partir de Tipo de ítem Koha
        Biblioteca Central del Ministerio de la Presidencia Biblioteca Central del Ministerio de la Presidencia 21/04/2012   21/04/2012 Artículos de revistas